000 00492nam a2200205Ia 4500
003 OSt
005 20140311163113.0
008 140130s9999 xx 000 0 und d
050 _aPZ 7
_b.C21476Gr 1997
100 _aCarle, Eric
_91464
245 _aThe Grouchy ladybug /
_cEric Carle.
260 _bScholastic,
_c1997.
_aNew York :
300 _bcol. ill. ;
_c24 cm.
440 _v1
_931017
521 _aG3
526 _c560
942 _cBK
_2lcc
999 _c40660
_d40660